000 01482nmc a2200409 a 4500
003 AR-BaBNM
005 20251128205550.0
008 098019s1989 ||||||||||||||000 | spa||
020 _a950-582-249-X
040 _cAR-BaBNM
100 1 _aSobrino, Encarnación
245 1 0 _aDe la investigación interdisciplinaria a la acción participativa
_btrabajo familiar y niveles de conciencia en el medio rural
260 _aBuenos Aires
_bHumanitas
_c1989
300 0 _a209 p.
_btablas
490 0 _aGuidance
500 0 _aCIDER: CENTRO DE INVESTIGACIONES PARA EL DESARROLLO REGIONAL
500 0 _aINESCER: INSTITUTO NACIONAL DE EDUCACION SUPERIOR DEL CENTRO DE LA REPUBLICA
500 0 _aAnexos: Anexo estadístico: p. 147-160
500 0 _aHistorial de una ex tamber mediera: p. 161-190
500 1 _aIndice de cuadros, mapas, esquemas y representaciones gráficas: p. 207-209
504 _aFuentes y bibliografía: p. 191-206
650 4 _aZONAS RURALES
650 4 _aINVESTIGACION INTERDISCIPLINARIA
650 4 _aFAMILIA RURAL
650 4 _aDESARROLLO RURAL
650 4 _aPRODUCTOS LACTEOS
650 4 _aANTROPOLOGIA CULTURAL Y SOCIAL
650 4 _aSOCIOLOGIA CULTURAL
650 4 _aMETODOS DE INVESTIGACION
651 4 _aCórdoba
653 0 _aINVESTIGACION PARTICIPATIVA
700 1 _aBaraldo, Ana
_ecolaborador
700 1 _aSeggiaro, Carlos A.
_ecolaborador
800 1 _aSierra de Villaverde, Sela
_edirector
942 _cBK
998 _cSILVI
999 _c11915
_d11915